| 000 | 00457nam a2200169 a 4500 | ||
|---|---|---|---|
| 001 | 3029 | ||
| 003 | CDMR | ||
| 005 | 20131002165110.0 | ||
| 008 | 130130s1977||||||||||||||||||||||||||||d | ||
| 020 | _a8472780376 | ||
| 040 |
_aCDMR _bcat _cCDMR |
||
| 100 | 1 |
_aBusquets i Grabulosa, Lluís _92225 |
|
| 245 | 1 | 0 |
_aPara leer la imagen _b: mass-media y educación |
| 260 |
_aMadrid _c1977 _bPublicaciones ICCE |
||
| 490 | 0 |
_aEducación 96 (ICCE) _v14 |
|
| 942 |
_cMON _2udc |
||
| 999 |
_c3029 _d3029 |
||